Estadísticas para Países Bombardeados por los Estados Unidos

Haz click aquí para intentar la prueba.

Estadísticas generales

  • Esta prueba ha sido intentada 2.460 veces
  • La puntuación promedio es 5 de 7

Estadísticas de respuestas

País% Correcto
Irak
96%
Siria
87%
Afganistán
86%
Pakistán
62%
Libia
48%
Yemen
48%
Somalia
29%

Distribución de puntuación

Porcentaje por número respondido

Porcentaje de gente con cada puntuación

Historial de tus puntuaciones

No has intentado esta prueba.